| 000 | 00704nam a2200241Ia 4500 | ||
|---|---|---|---|
| 008 | 170203s9999 xx 000 0 und d | ||
| 020 | _a276411575x | ||
| 050 | _aFic | ||
| 050 | _bJ12 | ||
| 100 | _aFonte, Isabel. | ||
| 245 | _aJack and the beanstalk ; Little red riding hood / | ||
| 245 | _cillustrations, Zapp and Irina Georgeta Pusztai ; story adaptation, Isabel Fonte | ||
| 260 | _aMontreal : | ||
| 260 | _bTormont, cop. | ||
| 260 | _c2003 | ||
| 300 | _a24 pages : | ||
| 300 | _bcolor illustrations ; | ||
| 300 | _c21 cm. | ||
| 440 | _aQuick classic collection. | ||
| 650 | _aChildren stories. | ||
| 700 | _aPusztai, Irina Georgeta, illustrator. | ||
| 700 | _aZapp, illustrator. | ||
| 999 |
_c306586 _d306586 |
||